01144 2200361 4500001002100000005001500021035002000036007000300056008004100059020002200100040002200122082001600144084001800160090002100178100006100199245011500260250003500375300003800410650002300448700003100471700002700502700002500529850001200554710002900566264003300595336002100628337003000649338002300679990002000702990002000722990002000742990002000762INLIS00000000087269020220907090153 a0010-0922000218ta220907s2020 jbia b 0 1 ind d a978-623-254-011-8 aYOPDYOGbinderda04223a028.534 a028.534 GHI p aPK 028.534 GHI p0 aGhizadhia Amirad1997-ePengarangqGhizadhia Amira Putri10aPrincess Cherry /cGhizadhia Amira; penyunting, Vicky Larasita; ilustrator, Agus Willy, Asyilasa, Maple Studio aCetakan pertama, Februari 2020 a135 halaman :bilustrasi ;c21 cm 4aBacaan Kanak-kanak0 aVicky LarasitaePenyunting0 aAgus WillyeIlustrator0 aAsyilasaeIlustrator aYOPDYOG aMaple StudioeIlustrator31aBandung :bDAR! Mizan,c2020 2rdacontentateks 2rdamediaatanpa perantara 2rdacarrieravolume a46086-PD/B.2022 a46087-PD/B.2022 a46087-PD/B.2022 a46086-PD/B.2022